|
|
|
|
| LEADER |
00900nab a2200193 i 4500 |
| 001 |
misc12696 |
| 005 |
20191106141543.0 |
| 008 |
170607s1974 hu o 0|| hun d |
| 022 |
|
|
|a 0025-0260
|
| 040 |
|
|
|a SZTE Miscellanea Repozitórium
|b hun
|
| 041 |
|
|
|a hun
|
| 100 |
1 |
|
|a Somos Lajos
|
| 245 |
1 |
0 |
|a Tanítóképző Intézetek Tudományos Közleményei. IX.
|h [elektronikus dokumentum] :
|b szerkesztette: Kiss Lajos : Debrecen, 1974. 256 oldal : [könyvismertetés] /
|c Somos Lajos
|
| 260 |
|
|
|c 1974
|
| 300 |
|
|
|a 446-449
|
| 490 |
0 |
|
|a Magyar pedagógia : a Magyar Tudományos Akadémia Pedagógiai Bizottságának folyóirata
|v 74 No. 4
|
| 695 |
|
|
|a Pedagógiai szakirodalom magyar, Könyvismertetés, Pedagógia magyar tanulmányok, Tanítóképző intézetek, Tudományos közlemények
|
| 700 |
0 |
1 |
|a Kiss Lajos
|
| 856 |
4 |
0 |
|u http://misc.bibl.u-szeged.hu/12696/1/mp_1974_004_5142_446-449.pdf
|z Dokumentum-elérés
|